Asimov's Biographical Encyclopedia of science & technology

Zapisane w:
Opis bibliograficzny
1. autor: Asimov, Isaac
Format: Książka
Język:Undetermined
Wydane: New York Doubleday & Company ,Inc 1982
Hasła przedmiotowe:
Etykiety: Dodaj etykietę
Nie ma etykietki, Dołącz pierwszą etykiete!
Thư viện lưu trữ: Trung tâm Học liệu Trường Đại học Cần Thơ
LEADER 00525nam a2200181Ia 4500
001 CTU_79817
008 210402s9999 xx 000 0 und d
082 |a 509 
082 |b A832 
100 |a Asimov, Isaac 
245 0 |a Asimov's Biographical Encyclopedia of science & technology 
245 0 |c Isaac Asimov 
260 |a New York 
260 |b Doubleday & Company ,Inc 
260 |c 1982 
650 |a Sientists,Biography,Dictionaries 
904 |i Trọng Hải 
980 |a Trung tâm Học liệu Trường Đại học Cần Thơ